| 000 | 00744nam a22002057a 4500 | ||
|---|---|---|---|
| 005 | 20230607021012.0 | ||
| 008 | 230109b |||||||| |||| 00| 0 eng d | ||
| 020 | _a978-971-0391-67-7 | ||
| 082 | _aFil. 371.26 D365 2011 | ||
| 100 |
_aDel Socorro, Felicidad R. _eauthor |
||
| 245 |
_aAssessment of student learning 1 & 2 / _cFelicidad R. Del Socorro, Roberta L. Omas-as, Rebecca S. Galela |
||
| 260 |
_aQuezon City: _bGreat Books Publishing, _cc2011. |
||
| 300 |
_axi, 150p.: _bill. |
||
| 504 | _aIncludes bibliographies | ||
| 541 | _e3600 c.1, 3601 c.2, 3602 c.3, | ||
| 650 | _aEducational evaluation | ||
| 650 | _aEducational tests and measurements | ||
| 700 |
_aOmas-as, Roberta L. _eauthor |
||
| 700 |
_aGalela, Rebecca S. _eauthor |
||
| 999 |
_c496 _d496 |
||